Szczegóły MARC21

Telefon zaufania w profilaktyce patologii społecznej : materiały II ogólnopolskiego sympozjum z udziałem zagranicznych placów ek pomocy telefonicznej, Częstochowa, 9-11 października 1992 /

005 -DATA I CZAS OSTATNIEJ MODYFIKACJI [,]
    • @
    • pole kontrolne
    • 20070315155141.9
040 -Instytucja sporządzająca opis [ , ]
    • a
    • Instytucja, która sporządziła opis (NP)
    • SZCZ U
    • c
    • Instytucja, która sporządziła rekord (NP)
    • SZCZ U
041 -Język dokumentu [0, ]
    • a
    • Język tekstu (P)
    • polski
    • h
    • Język tekstu oryginalnego i/lub pośredniego (P)
    • polski
942 -Rodzaj dokumentu [ , ]
    • c
    • Rodzaj dokumentu
    • Książka
245 -Strefa tytułu i oznaczenia odpowiedzialności [0, ]
    • a
    • Tytuł
    • Telefon zaufania w profilaktyce patologii społecznej : Find
    • b
    • Ciąg dalszy tytułu (NP)
    • materiały II ogólnopolskiego sympozjum z udziałem zagranicznych placów ek pomocy telefonicznej, Częstochowa, 9-11 października 1992 / Find
    • c
    • Pozostałe elementy strefy tytułu i oznaczenia odpowiedzialności (NP)
    • pod red.Ireneusza Kaflika.
260 -Strefa adresu wydawniczego [ , ]
    • a
    • Miejsce wydania (P)
    • Częstochowa :
    • b
    • Nazwa wydawcy (P)
    • Komitet Organizacyjny Sympozjum,
    • c
    • Data wydania (P)
    • 1993.
300 -Strefa opisu fizycznego [ , ]
    • a
    • Określenie formy książki i/lub objętość (NP)
    • 136 s. :
    • c
    • Format (NP)
    • 21 cm.
500 -Uwaga ogólna [ , ]
    • a
    • Uwaga ogólna (NP)
    • Bibliogr
080 -Uniwersalna Klasyfikacja Dziesiętna [ , ]
    • a
    • Symbol klasyfikacji
    • 613.8(061.3)
080 -Uniwersalna Klasyfikacja Dziesiętna [ , ]
    • a
    • Symbol klasyfikacji
    • :159.9.0(061.3)
980 -Symbol UKD [ , ]
    • a
    • UKD
    • 613.8(061.3):159.9.0(061.3)
700 -Hasło dodatkowe - nazwa osobowa [ , ]
    • a
    • Nazwa osobowa (NP)
    • Kaflik Ireneusz Find
    • d
    • Daty biograficzne (NP)
    • red.
Lokalizacja Data inwentaryzacji Status udost. Numer inwentarzowy
BG1994-02-171Pd.6724